[Event "75.Camp. Veneto Quarti di Finale"]
[Site "Montebelluna ITA"]
[Date "2015.05.16"]
[Round "3.10"]
[White "Ferrari, Vania"]
[Black "Reginato, Dario"]
[Result "0-1"]
[WhiteElo "1623"]
[BlackElo "1759"]
[Annotator "Gabriele Ballarin"]
[PlyCount "62"]
[EventDate "2015.05.15"]
[EventType "swiss"]
[EventRounds "5"]
[EventCountry "ITA"]

1. e4 c6 2. d4 d5 3. exd5 cxd5 4. c4 Nf6 5. Nc3 e6 6. Nf3 Be7 7. Bf4 a6 8. Bd3 Nc6 9. O-O O-O 10. Ne2 dxc4 11. Bxc4 b5 12. Bd3 Bb7 13. a3 Rc8 14. Ng5 Na5 15. f3 Nc4 16. Qb1 h6 17. Ne4 Nd5 18. Bxh6 gxh6 19. Ra2 Nf6 20. Qc1 Kg7 21. Qe1 Nxe4 22. fxe4 Bg5 23. Qg3 Kh8 24. Qh3 Nd2 25. Raa1 Bxe4 26. Bxe4 Nxe4 27. Qh5 f5 28. h4 Be3+ 29. Kh2 Nf6 30. Qf3 Ng4+ 31. Kh1 Qxh4+ 0-1

[Event "75.Camp. Veneto Quarti di Finale"]
[Site "Montebelluna ITA"]
[Date "2015.05.16"]
[Round "3.11"]
[White "Balzan, Marco"]
[Black "Anselmi, Beatrice"]
[Result "1-0"]
[WhiteElo "1952"]
[BlackElo "1733"]
[Annotator "Gabriele Ballarin"]
[PlyCount "101"]
[EventDate "2015.05.15"]
[EventType "swiss"]
[EventRounds "5"]
[EventCountry "ITA"]

1. Nf3 d5 2. g3 Nf6 3. Bg2 Nc6 4. O-O e5 5. d3 Be6 6. c3 Bd6 7. Nbd2 h6 8. Qc2 Qd7 9. e4 O-O 10. a3 Rfe8 11. b4 a6 12. exd5 Nxd5 13. c4 Nf6 14. Bb2 Bh3 15. Rfe1 Bxg2 16. Kxg2 Qf5 17. Ne4 Re6 {=} 18. Qe2 g5 19. Nxf6+ Rxf6 20. c5 Bf8 21. Nxe5 Nxe5 22. Bxe5 Re6 23. Qe4 Qxe4+ 24. Rxe4 Rxe5 25. Rxe5 Bg7 26. Rae1 Bxe5 27. Rxe5 Kf8 28. d4 Rd8 29. d5 f6 30. Rf5 Kf7 31. Kf3 Kg6 32. g4 h5 33. h3 Rd7 34. Ke4 Re7+ 35. Kd4 Re1 36. Rf3 Re8 37. Re3 Rd8 38. Re7 Rc8 39. d6 cxd6 40. cxd6 Rb8 41. Kd5 hxg4 42. hxg4 b5 43. Kc6 f5 44. gxf5+ Kf6 45. Rc7 Kxf5 46. Re7 Kf6 47. Re3 Kf7 48. Kc7 Ra8 49. d7 Ra7+ 50. Kc8 Ra8+ 51. Kb7 1-0

[Event "75.Camp. Veneto Quarti di Finale"]
[Site "Montebelluna ITA"]
[Date "2015.05.17"]
[Round "4.1"]
[White "Zanirato, Stefano"]
[Black "Della Sala, Bruno"]
[Result "0-1"]
[WhiteElo "1898"]
[BlackElo "1995"]
[Annotator "Gabriele Ballarin"]
[PlyCount "64"]
[EventDate "2015.05.15"]
[EventType "swiss"]
[EventRounds "5"]
[EventCountry "ITA"]

1. e4 e6 2. d4 d5 3. Bd3 c5 4. exd5 exd5 5. dxc5 Bxc5 6. Nf3 Nf6 7. O-O O-O 8. Bg5 h6 9. Bh4 Nc6 10. Nc3 Be6 11. Qd2 a6 12. a3 Rc8 13. Ne2 Be7 14. Rad1 Ne4 15. Bxe4 dxe4 16. Bxe7 Qxe7 17. Nfd4 Bg4 18. Nxc6 Rxc6 19. c3 Re8 20. h3 Bh5 21. Qe3 f5 22. Rd4 g5 23. g3 Bf3 24. Rfd1 Qe6 25. Rd7 f4 26. Qd4 Qf6 27. Rd2 e3 28. Qxf6 Rxf6 29. Rc2 exf2+ 30. Kf1 Bxe2+ 31. Rxe2 Rxe2 32. Kxe2 fxg3 0-1

[Event "75.Camp. Veneto Quarti di Finale"]
[Site "Montebelluna ITA"]
[Date "2015.05.17"]
[Round "4.2"]
[White "Zilio, Lodovico"]
[Black "Dappiano, Andrea"]
[Result "0-1"]
[WhiteElo "1574"]
[BlackElo "2225"]
[Annotator "Gabriele Ballarin"]
[PlyCount "54"]
[EventDate "2015.05.15"]
[EventType "swiss"]
[EventRounds "5"]
[EventCountry "ITA"]

1. e4 e6 2. d4 d5 3. Nc3 Bb4 4. Bd3 c5 5. exd5 exd5 6. Bd2 c4 7. Bf1 Nc6 8. Nge2 Nge7 9. Na4 Bd6 10. Bf4 O-O 11. g3 Bg4 12. Bxd6 Qxd6 13. h3 Bf3 14. Rh2 Nf5 15. c3 Rfe8 16. Kd2 Qh6+ 17. Ke1 Re7 18. Qc2 Nfxd4 19. cxd4 Nxd4 20. Qc3 Nxe2 21. Bxe2 Bxe2 22. f4 Rae8 23. Kd2 Bd3 24. Qa5 Qc6 25. Nc3 d4 26. Nd5 Rd7 27. Nb4 Qf3 0-1

[Event "75.Camp. Veneto Quarti di Finale"]
[Site "Montebelluna ITA"]
[Date "2015.05.17"]
[Round "4.3"]
[White "Sartor, Giovanni"]
[Black "Sorbera, Giovanni"]
[Result "0-1"]
[WhiteElo "1444"]
[BlackElo "2154"]
[Annotator "Gabriele Ballarin"]
[PlyCount "39"]
[EventDate "2015.05.15"]
[EventType "swiss"]
[EventRounds "5"]
[EventCountry "ITA"]

1. e4 Nf6 2. Nc3 d5 3. exd5 Nxd5 4. Nf3 g6 5. g3 Bg7 6. Bg2 Nc6 7. a3 O-O 8. O-O Bf5 9. Rb1 e5 10. h3 Re8 11. Nxd5 Qxd5 12. Nh4 Qa2 13. Nxf5 gxf5 14. d3 Qxb1 15. Bd5 Rad8 16. Bb3 Nd4 17. Bxf7+ Kxf7 18. Qh5+ Kg8 19. Bh6 Qxc2 20. Rc1 0-1

[Event "75.Camp. Veneto Quarti di Finale"]
[Site "Montebelluna ITA"]
[Date "2015.05.17"]
[Round "4.4"]
[White "Loiacono, Leonardo"]
[Black "Carini, Massimo"]
[Result "1/2-1/2"]
[WhiteElo "1854"]
[BlackElo "1964"]
[Annotator "Gabriele Ballarin"]
[PlyCount "73"]
[EventDate "2015.05.15"]
[EventType "swiss"]
[EventRounds "5"]
[EventCountry "ITA"]

1. e4 e5 2. Nf3 Nf6 3. Nc3 Nc6 4. Bc4 Be7 5. O-O O-O 6. d3 d6 7. a4 Be6 8. Bxe6 fxe6 9. Ng5 Qd7 10. h4 h6 11. Nh3 Qe8 12. g3 Qh5 13. Qxh5 Nxh5 14. Be3 a6 15. Ne2 Nf6 16. f3 Rf7 17. c3 Rd8 18. Rad1 Bf8 19. b4 d5 20. b5 Nb8 21. g4 dxe4 22. dxe4 Rfd7 23. Nf2 Rxd1 24. Rxd1 Rxd1+ 25. Nxd1 axb5 26. axb5 Nbd7 27. Nc1 Ne8 28. c4 Bc5 29. Nd3 Bxe3+ 30. Nxe3 b6 31. Kf2 Kf7 32. Kg3 g5 33. h5 Nd6 34. Kf2 Nb7 35. Nc2 Na5 36. Ne3 Nb3 37. Nc2 1/2-1/2

[Event "75.Camp. Veneto Quarti di Finale"]
[Site "Montebelluna ITA"]
[Date "2015.05.17"]
[Round "4.5"]
[White "Polese, Marco"]
[Black "Zenari, Marco"]
[Result "1/2-1/2"]
[WhiteElo "1967"]
[BlackElo "1966"]
[Annotator "Gabriele Ballarin"]
[PlyCount "165"]
[EventDate "2015.05.15"]
[EventType "swiss"]
[EventRounds "5"]
[EventCountry "ITA"]

1. Nf3 Nf6 2. g3 g6 3. d4 Bg7 4. Bg2 d6 5. Nbd2 O-O 6. e4 Nbd7 7. O-O c5 8. c3 Rb8 9. a4 b6 10. Re1 e6 11. Ra3 Bb7 12. h3 Qc7 13. Qe2 Rbc8 14. c4 cxd4 15. Nxd4 Nc5 16. Nb5 Qb8 17. b4 Na6 18. Rb3 Rfd8 19. Bb2 Qa8 20. Qd3 d5 21. cxd5 exd5 22. e5 Ne4 23. Bd4 Nc7 24. Nxc7 Rxc7 25. Qe3 Nxd2 26. Qxd2 Qc8 27. Rb2 Rc4 28. Bf1 Rc7 29. Kh2 Re7 30. Rc2 Rc7 31. Rec1 Rdd7 32. Bb5 Re7 {=} 33. f4 h6 34. Be2 Bf8 35. Bg4 Qd8 36. f5 Rc4 37. Be2 Rxc2 38. Qxc2 Kh7 39. Bd3 Qe8 40. fxg6+ fxg6 41. Rf1 Bg7 42. h4 h5 43. Qf2 Bc8 44. Qf3 Bg4 45. Qxd5 Bxe5 46. Bxe5 Rxe5 47. Qf7+ Kh6 48. Qf4+ Kg7 49. Rc1 Qe7 50. Rc6 Re6 51. Qd4+ Kh7 52. Rxe6 Qxe6 53. Bc4 Qe7 {=} 54. Qd5 Qg7 55. Qd2 Qe7 56. Kg1 Bf5 57. Kf2 Qf6 58. Kg1 Qe7 59. a5 bxa5 60. bxa5 Qc5+ 61. Qf2 Qxc4 62. Qxa7+ Kh6 63. Qe3+ Kg7 64. Qe7+ Qf7 65. Qe5+ Kh7 66. Qe3 Qb7 67. a6 Qe4 68. Qa7+ Kh6 69. Qf2 Qb1+ 70. Kh2 Qc2 71. Kg1 Qxf2+ 72. Kxf2 Be4 73. Ke3 Ba8 74. Kf4 Bc6 75. Ke5 g5 76. Kf6 gxh4 77. gxh4 Bd5 78. a7 {=} Bf3 79. Kf7 Kh7 80. Kf6 Kh6 81. Kf7 Ba8 82. Kf6 Bd5 83. Ke5 1/2-1/2

[Event "75.Camp. Veneto Quarti di Finale"]
[Site "Montebelluna ITA"]
[Date "2015.05.17"]
[Round "4.6"]
[White "Reginato, Dario"]
[Black "Loiacono, Antonio"]
[Result "1/2-1/2"]
[WhiteElo "1759"]
[BlackElo "1936"]
[Annotator "Gabriele Ballarin"]
[PlyCount "155"]
[EventDate "2015.05.15"]
[EventType "swiss"]
[EventRounds "5"]
[EventCountry "ITA"]

1. d4 Nf6 2. c4 g6 3. Nc3 Bg7 4. e4 d6 5. Nf3 O-O 6. Be2 e5 7. dxe5 dxe5 8. O-O Nbd7 9. Be3 b6 10. Qc2 Bb7 11. h3 c6 12. Rad1 Qc7 13. Qd2 Rfd8 14. Qd6 Qxd6 15. Rxd6 Bf8 16. Rd3 Bb4 17. Rfd1 Re8 18. a3 Bc5 19. b4 Bxe3 20. Rxe3 Nf8 21. Rd6 Nh5 22. g3 Ng7 23. g4 h5 24. Ng5 hxg4 25. hxg4 Nge6 26. Nxe6 Rxe6 27. Rd1 Re7 28. Kg2 Ne6 29. Rh1 Kg7 30. Kf1 Nf4 31. Bf3 Rd8 32. Re1 Rd3 33. Re3 Red7 34. Ke1 Rd8 35. Nd1 Rxd1+ 36. Bxd1 Ng2+ 37. Ke2 Nxe3 38. Kxe3 Rd4 39. Be2 c5 40. f3 Ba6 41. b5 Bc8 42. Rg1 Be6 43. Rc1 Kf6 44. Bd3 Kg5 45. Be2 f5 46. gxf5 gxf5 47. Rg1+ Kf6 48. Rc1 f4+ 49. Kf2 Rd2 50. Ke1 Rd4 51. Rc3 Kg5 52. Kf2 Kh4 53. Rc1 Kg5 54. Rg1+ Kf6 55. Rc1 Rd8 56. Rh1 Ke7 57. Rh7+ Bf7 58. Rh1 Rd4 59. Rc1 Be6 60. Rc2 Rd8 61. Rc1 Rh8 62. Rg1 Bf7 63. Rg5 Kf6 64. Rf5+ Ke6 65. Rg5 Rh2+ 66. Rg2 Rh8 67. Rg1 Rd8 68. Rd1 Rh8 69. Rg1 Kf6 70. Rg2 Rd8 71. Rg1 Be6 72. Rh1 Rd4 73. Rc1 Bf7 74. Ke1 Rd8 75. Rd1 Rxd1+ 76. Kxd1 Kg5 77. Ke1 Kh4 78. Kf2 1/2-1/2

[Event "75.Camp. Veneto Quarti di Finale"]
[Site "Montebelluna ITA"]
[Date "2015.05.17"]
[Round "4.7"]
[White "Negro, Raffaele"]
[Black "Latella, Tommaso"]
[Result "0-1"]
[WhiteElo "1845"]
[BlackElo "1732"]
[Annotator "Gabriele Ballarin"]
[PlyCount "42"]
[EventDate "2015.05.15"]
[EventType "swiss"]
[EventRounds "5"]
[EventCountry "ITA"]

1. d4 Nf6 2. Bf4 g6 3. Nc3 d5 4. Nf3 c6 5. Qd2 Bg7 6. Bh6 O-O 7. h4 Nbd7 8. Bxg7 Kxg7 9. h5 Ng4 10. hxg6 hxg6 11. Ng5 Rh8 12. Rxh8 Qxh8 13. Qf4 Ndf6 14. e4 dxe4 15. Ncxe4 Bf5 16. f3 Nd5 17. Qd2 Nge3 18. Kf2 Bxe4 19. Nxe4 Qh4+ 20. Ng3 Nf5 21. Bc4 Nxg3 0-1

[Event "75.Camp. Veneto Quarti di Finale"]
[Site "Montebelluna ITA"]
[Date "2015.05.17"]
[Round "4.8"]
[White "Losso, Agostino"]
[Black "De Paoli, Emilio"]
[Result "0-1"]
[WhiteElo "1757"]
[BlackElo "1758"]
[Annotator "Gabriele Ballarin"]
[PlyCount "48"]
[EventDate "2015.05.15"]
[EventType "swiss"]
[EventRounds "5"]
[EventCountry "ITA"]

1. c4 c5 2. g3 g6 3. Bg2 Bg7 4. Nc3 Nc6 5. Nf3 e6 6. O-O Nge7 7. e3 O-O 8. d3 d5 9. cxd5 Nxd5 10. Nxd5 exd5 11. d4 cxd4 12. Nxd4 Qb6 13. Qb3 Nxd4 14. Qxb6 Ne2+ 15. Kh1 axb6 16. Bd2 d4 17. Bd5 Rd8 18. Bc4 d3 19. Rab1 Be6 20. Bxe6 fxe6 21. a3 Rac8 22. Rfd1 Rc2 23. b3 Bc3 24. Be1 d2 0-1

[Event "75.Camp. Veneto Quarti di Finale"]
[Site "Montebelluna ITA"]
[Date "2015.05.17"]
[Round "4.9"]
[White "Artuso, Sofia"]
[Black "Balzan, Marco"]
[Result "0-1"]
[WhiteElo "1628"]
[BlackElo "1952"]
[Annotator "Gabriele Ballarin"]
[PlyCount "60"]
[EventDate "2015.05.15"]
[EventType "swiss"]
[EventRounds "5"]
[EventCountry "ITA"]

1. d4 Nf6 2. Bg5 e6 3. e4 h6 4. Bh4 g5 5. e5 gxh4 6. exf6 Qxf6 7. h3 c5 8. c3 cxd4 9. cxd4 Nc6 10. Nf3 Bg7 11. Nc3 Nxd4 12. Nxd4 Qxd4 13. Qc2 a6 14. Be2 b5 15. Bf3 Qe5+ 16. Be2 Bb7 17. O-O Qg5 18. Ne4 Bxe4 19. Qxe4 d5 20. Qc2 O-O 21. Qb3 Be5 22. Qf3 Bxb2 23. Rab1 Be5 24. Rb4 f5 25. Bd3 Ra7 26. Bb1 Rg7 27. Rd1 Kh8 28. Kh1 Rc8 29. Rg1 Rc3 30. Qe2 Rxh3+ 0-1

[Event "75.Camp. Veneto Quarti di Finale"]
[Site "Montebelluna ITA"]
[Date "2015.05.17"]
[Round "4.10"]
[White "Dallaglio, Giovanni"]
[Black "Rossi, Gianni"]
[Result "1-0"]
[WhiteElo "1943"]
[BlackElo "1814"]
[Annotator "Gabriele Ballarin"]
[PlyCount "83"]
[EventDate "2015.05.15"]
[EventType "swiss"]
[EventRounds "5"]
[EventCountry "ITA"]

1. d4 e5 2. dxe5 d6 3. Bf4 Nc6 4. Nf3 Bg4 5. exd6 Qf6 6. Qc1 Bxd6 7. Bxd6 Qxd6 8. Nbd2 O-O-O 9. c3 Nf6 10. Qc2 Rhe8 11. O-O-O Qc5 12. e3 Bf5 13. Nb3 Rxd1+ 14. Qxd1 Qe7 15. Bd3 Ne4 16. Qc2 Bg6 17. Nbd4 Nxd4 18. exd4 Nxf2 19. Qxf2 Bxd3 20. Re1 Qd8 21. Rxe8 Qxe8 22. Ne5 Bg6 23. Nxg6 hxg6 24. Kd2 f5 25. Qf4 Qe7 26. h4 Kd7 27. d5 Qc5 28. Qe5 Qf2+ 29. Kd3 Qf1+ 30. Qe2 Qxe2+ 31. Kxe2 Kd6 32. c4 Kc5 33. Kd3 a5 34. b3 b5 35. a3 bxc4+ 36. bxc4 c6 37. dxc6 Kxc6 38. Kd4 Kd6 39. c5+ Kc6 40. g3 g5 41. hxg5 g6 42. a4 1-0

[Event "75.Camp. Veneto Quarti di Finale"]
[Site "Montebelluna ITA"]
[Date "2015.05.17"]
[Round "4.11"]
[White "Tencheni, Maurizio"]
[Black "Polin, Giulia"]
[Result "1-0"]
[WhiteElo "1731"]
[BlackElo "1858"]
[Annotator "Gabriele Ballarin"]
[PlyCount "129"]
[EventDate "2015.05.15"]
[EventType "swiss"]
[EventRounds "5"]
[EventCountry "ITA"]

1. b3 e5 2. Bb2 Nc6 3. c4 Nf6 4. d3 Bb4+ 5. Nd2 a5 6. a3 Bc5 7. Ngf3 d6 8. g3 O-O 9. Bg2 h6 10. O-O Be6 11. Qc2 Qd7 12. Rfe1 Bb6 13. Rad1 Ng4 14. e3 Bf5 15. Ne4 Bxe4 16. dxe4 Qe7 17. h3 Nf6 18. Nd2 g5 19. Nb1 g4 20. Nc3 Qe6 21. Nd5 gxh3 22. Nxf6+ Qxf6 23. Bxh3 Qg5 24. Kg2 Kh8 25. Rh1 Rg8 26. Qe2 Ne7 27. Bf5 Nxf5 28. exf5 Qxf5 29. Rxh6+ Kg7 30. Rdh1 Kf8 31. R1h5 Qe4+ 32. Qf3 Qxf3+ 33. Kxf3 Ke7 34. Rh7 Rg6 35. Rh8 Rag8 36. Rxg8 Rxg8 37. Ke4 Bc5 38. Kf5 Rg6 39. Ke4 Rg8 40. Rh6 c6 41. Kf5 b5 42. cxb5 cxb5 43. g4 Rc8 44. Ke4 Bb6 45. Bxe5 dxe5 46. Rxb6 Rc5 47. g5 a4 48. b4 Rc3 49. Rxb5 Rxa3 50. Rxe5+ Kd6 51. Ra5 Ra1 52. Ra6+ Kd7 53. b5 a3 54. Ke5 a2 55. Ra7+ Kc8 56. b6 Rg1 57. Rxa2 Rxg5+ 58. Kd6 Rg6+ 59. Ke7 Rxb6 60. Kxf7 Rb7+ 61. Ke6 Rb3 62. Rd2 Ra3 63. e4 Rf3 64. e5 Rf4 65. Ke7 1-0

[Event "75.Camp. Veneto Quarti di Finale"]
[Site "Montebelluna ITA"]
[Date "2015.05.17"]
[Round "4.12"]
[White "Anselmi, Beatrice"]
[Black "Ferrari, Vania"]
[Result "1/2-1/2"]
[WhiteElo "1733"]
[BlackElo "1623"]
[Annotator "Gabriele Ballarin"]
[PlyCount "28"]
[EventDate "2015.05.15"]
[EventType "swiss"]
[EventRounds "5"]
[EventCountry "ITA"]

1. d4 d6 2. Nf3 Nf6 3. e3 Bg4 4. Be2 c5 5. O-O cxd4 6. exd4 e6 7. b3 g6 8. Bb2 Bg7 9. Nbd2 O-O 10. Re1 Nbd7 11. Nc4 Nb6 12. Nfd2 Bxe2 13. Qxe2 Re8 14. Qd3 Qc7 1/2-1/2

[Event "75.Camp. Veneto Quarti di Finale"]
[Site "Montebelluna ITA"]
[Date "2015.05.17"]
[Round "5.1"]
[White "Della Sala, Bruno"]
[Black "Dappiano, Andrea"]
[Result "0-1"]
[WhiteElo "1995"]
[BlackElo "2225"]
[Annotator "Gabriele Ballarin"]
[PlyCount "60"]
[EventDate "2015.05.15"]
[EventType "swiss"]
[EventRounds "5"]
[EventCountry "ITA"]

1. d4 e6 2. Nf3 c5 3. e4 cxd4 4. Nxd4 Nf6 5. Nc3 Nc6 6. Be2 Bb4 7. Nxc6 bxc6 8. e5 Nd5 9. Bd2 Qc7 10. Nxd5 Bxd2+ 11. Qxd2 cxd5 12. O-O Qxe5 13. Rae1 Qxb2 14. f4 f5 15. Bh5+ g6 16. Qxd5 Qb6+ 17. Kh1 O-O 18. Qe5 gxh5 19. Rf3 h4 20. Rb3 Qd8 21. Ree3 Qf6 22. Qa5 Ba6 23. h3 Bc4 24. Rb7 Qg7 25. Qd2 Bd5 26. Rc7 Rfc8 27. Rec3 Rxc7 28. Rxc7 Rb8 29. Qf2 Qg3 30. Qf1 Rb1 0-1

[Event "75.Camp. Veneto Quarti di Finale"]
[Site "Montebelluna ITA"]
[Date "2015.05.17"]
[Round "5.2"]
[White "Sorbera, Giovanni"]
[Black "Zanirato, Stefano"]
[Result "1-0"]
[WhiteElo "2154"]
[BlackElo "1898"]
[Annotator "Gabriele Ballarin"]
[PlyCount "113"]
[EventDate "2015.05.15"]
[EventType "swiss"]
[EventRounds "5"]
[EventCountry "ITA"]

1. c4 c6 2. Nc3 d5 3. d4 f5 4. cxd5 cxd5 5. Nf3 e6 6. Bg5 Be7 7. Bxe7 Qxe7 8. e3 Nf6 9. Ne5 O-O 10. Bb5 Nbd7 11. Nf3 a6 12. Be2 b5 13. a3 Bb7 14. O-O Ne4 15. Rc1 Rac8 16. Qb3 Ndf6 17. Nxe4 Nxe4 18. Bd3 Nd6 19. Qb4 Rc7 20. Rc5 Rfc8 21. Rfc1 Qd8 22. b3 Nf7 {=} 23. a4 Rxc5 24. dxc5 Bc6 25. axb5 axb5 26. Nd4 Ne5 27. Bxb5 Bxb5 28. Qxb5 Rb8 29. Qa6 Qc8 30. Qxc8+ Rxc8 31. Nxe6 Nd3 32. Rc3 Nb4 33. Nd4 g6 34. Kf1 Kf7 35. Ke2 Ke7 36. Rc1 Kd7 37. Kd2 Ra8 38. Nc2 Nc6 39. h3 Ra2 40. Ra1 Rxa1 41. Nxa1 g5 42. Nc2 f4 43. exf4 gxf4 44. Kc3 Ke7 45. Nd4 Ne5 46. b4 Nd7 47. Ne2 f3 48. gxf3 Ne5 49. Nd4 Nd7 50. c6 Nb6 51. f4 Kd6 52. f5 h5 53. f6 Na8 54. b5 Nb6 55. Kb3 Nc4 56. Kb4 Nb6 57. Ka5 1-0

[Event "75.Camp. Veneto Quarti di Finale"]
[Site "Montebelluna ITA"]
[Date "2015.05.17"]
[Round "5.3"]
[White "Carini, Massimo"]
[Black "De Paoli, Emilio"]
[Result "1-0"]
[WhiteElo "1964"]
[BlackElo "1758"]
[Annotator "Gabriele Ballarin"]
[PlyCount "81"]
[EventDate "2015.05.15"]
[EventType "swiss"]
[EventRounds "5"]
[EventCountry "ITA"]

1. e4 c5 2. c3 e6 3. d4 cxd4 4. cxd4 d5 5. e5 Bb4+ 6. Nc3 Nc6 7. Nf3 Nge7 8. Bd3 O-O 9. O-O Ng6 10. Ne2 Be7 11. a3 f6 12. Bxg6 hxg6 13. Nf4 Qe8 14. Qd3 f5 15. Nh3 Nd8 16. Nfg5 Nf7 17. Nxf7 Kxf7 18. Bg5 Rh8 19. f4 Bd7 20. Rfc1 Bb5 21. Qg3 Bc6 22. b4 a6 23. Bxe7 Qxe7 24. Ng5+ Ke8 25. Qb3 Bb5 26. a4 Bc4 27. Qb2 Kd7 28. b5 Rab8 29. Rc3 b6 30. bxa6 Bxa6 31. Rb3 Rb7 32. Rxb6 Rhb8 33. a5 Kc8 34. Qc3+ Rc7 35. Rc6 Bc4 36. Rxe6 Qd7 37. Rb6 Bb5 38. Qb4 Rxb6 39. axb6 Rc4 40. Qf8+ Qe8 41. Ra8+ 1-0

[Event "75.Camp. Veneto Quarti di Finale"]
[Site "Montebelluna ITA"]
[Date "2015.05.17"]
[Round "5.4"]
[White "Latella, Tommaso"]
[Black "Reginato, Dario"]
[Result "1/2-1/2"]
[WhiteElo "1732"]
[BlackElo "1759"]
[Annotator "Gabriele Ballarin"]
[PlyCount "82"]
[EventDate "2015.05.15"]
[EventType "swiss"]
[EventRounds "5"]
[EventCountry "ITA"]

1. e4 c6 2. d4 d5 3. Nc3 dxe4 4. Nxe4 Nd7 5. Ne2 Ngf6 6. N2g3 e6 7. Bd3 Be7 8. O-O Qc7 9. c3 b6 10. f4 Nxe4 11. Bxe4 Nf6 12. Bf3 O-O 13. Qc2 g6 14. Ne4 Bb7 15. Nxf6+ Bxf6 16. Be3 Be7 17. Rad1 Rfd8 18. g3 Rab8 19. Qg2 Ba6 20. Rf2 Bc4 21. a3 a5 22. Be4 Qd7 23. Rfd2 {=} b5 24. b4 axb4 25. axb4 Bd5 26. Ra1 Ra8 27. Rdd1 Ra7 28. Bxd5 cxd5 29. Rxa7 Qxa7 30. Qf1 Qc7 31. Bd2 {=} Ra8 32. Qxb5 Ra2 33. Qd3 Ra3 34. Rb1 Qb6 35. Qc2 Qb5 36. Bc1 Ra7 37. Kf2 Rc7 38. Qd2 Qc4 39. Bb2 h5 40. Ke3 g5 41. Qd3 Qa2 1/2-1/2

[Event "75.Camp. Veneto Quarti di Finale"]
[Site "Montebelluna ITA"]
[Date "2015.05.17"]
[Round "5.5"]
[White "Balzan, Marco"]
[Black "Tencheni, Maurizio"]
[Result "1-0"]
[WhiteElo "1952"]
[BlackElo "1731"]
[Annotator "Gabriele Ballarin"]
[PlyCount "95"]
[EventDate "2015.05.15"]
[EventType "swiss"]
[EventRounds "5"]
[EventCountry "ITA"]

1. Nf3 b6 2. g3 Bb7 3. Bg2 c5 4. O-O Nf6 5. d3 d5 6. c3 Nbd7 7. Nbd2 g6 8. Qc2 Bg7 9. e4 dxe4 10. Nxe4 O-O 11. h3 Qc7 12. Re1 Rfe8 13. Nxf6+ Nxf6 14. Bf4 Qc8 15. Rad1 Nd7 16. Qb3 e5 17. Be3 Qc7 18. d4 c4 19. Qc2 Rad8 20. dxe5 Nxe5 21. Nxe5 Bxg2 22. Rxd8 Qxd8 23. Nxf7 Qd5 24. Ng5 Bh6 25. f4 Be4 26. Nxe4 Rxe4 27. Qd2 Qe6 28. Kh2 Bf8 29. Bf2 Rxe1 30. Qxe1 Qxe1 31. Bxe1 b5 32. Bd2 Kf7 33. Kg2 a6 34. Kf3 Kf6 35. Ke4 Ke6 36. g4 Bg7 37. Be3 Bf6 38. f5+ gxf5+ 39. gxf5+ Kd6 40. Bf4+ Kc6 41. Be5 Be7 42. f6 Bf8 43. Bd4 Kd6 44. Kf5 Bh6 45. Bb6 Bc1 46. Ba5 Kd7 47. Bb4 Bh6 48. f7 1-0

[Event "75.Camp. Veneto Quarti di Finale"]
[Site "Montebelluna ITA"]
[Date "2015.05.17"]
[Round "5.6"]
[White "Loiacono, Antonio"]
[Black "Dallaglio, Giovanni"]
[Result "0-1"]
[WhiteElo "1936"]
[BlackElo "1943"]
[Annotator "Gabriele Ballarin"]
[PlyCount "96"]
[EventDate "2015.05.15"]
[EventType "swiss"]
[EventRounds "5"]
[EventCountry "ITA"]

1. e4 e6 2. Nf3 d5 3. Nc3 dxe4 4. Nxe4 Nd7 5. d4 Ngf6 6. Nxf6+ Nxf6 7. Bd3 c5 8. dxc5 Bxc5 9. O-O O-O 10. Bg5 b6 11. Qe2 Bb7 12. Rad1 Qc7 13. Ne5 Rfd8 14. Bxf6 gxf6 15. Ng4 Qf4 16. Rde1 Kh8 17. g3 Qg5 18. Be4 Bxe4 19. Qxe4 f5 20. Qe5+ Qg7 21. Qxg7+ Kxg7 22. Ne3 Rd2 23. Rc1 Bxe3 24. fxe3 Rad8 25. Rfe1 Kf6 26. e4 fxe4 27. Rxe4 Rd1+ 28. Re1 Rxc1 29. Rxc1 e5 30. Rf1+ Ke6 31. Rf2 f5 32. Kg2 e4 33. Re2 Ke5 34. Kf2 h5 35. Ke3 h4 36. Rg2 b5 37. Rd2 Rg8 38. Rg2 b4 39. Rg1 a5 40. Rg2 a4 41. Rg1 hxg3 42. hxg3 Rxg3+ 43. Rxg3 f4+ 44. Kf2 fxg3+ 45. Kxg3 Kd4 46. Kf4 b3 47. axb3 axb3 48. c4 e3 0-1

[Event "75.Camp. Veneto Quarti di Finale"]
[Site "Montebelluna ITA"]
[Date "2015.05.17"]
[Round "5.7"]
[White "Ferrari, Vania"]
[Black "Losso, Agostino"]
[Result "0-1"]
[WhiteElo "1623"]
[BlackElo "1757"]
[Annotator "Gabriele Ballarin"]
[PlyCount "134"]
[EventDate "2015.05.15"]
[EventType "swiss"]
[EventRounds "5"]
[EventCountry "ITA"]

1. e4 c5 2. Nf3 e6 3. d4 cxd4 4. Nxd4 a6 5. Nc3 Qc7 6. Bd3 Nf6 7. O-O b5 8. Bg5 Be7 9. Kh1 Bb7 10. f3 d6 11. Qe1 Nbd7 12. a3 h6 13. Bh4 g5 14. Bg3 Nh5 15. f4 gxf4 16. Bxf4 Nxf4 17. Ndxb5 axb5 18. Nxb5 Qb6 19. Rxf4 Ne5 20. Be2 Bg5 21. Qb4 O-O 22. Rff1 Rfd8 23. Rad1 Be7 24. Qd4 Qxd4 25. Rxd4 Rac8 26. Nc3 d5 27. exd5 Bxd5 28. Nxd5 exd5 29. c3 Nc4 30. Bxc4 dxc4 31. Rdf4 f6 32. g3 Rd2 33. R1f2 Rxf2 34. Rxf2 Kf7 35. Rf4 h5 36. Kg2 Kg6 37. Kf3 f5 38. h4 Kf6 39. Ke3 Ke5 40. a4 Bc5+ 41. Kf3 Bb6 42. Ke2 Rc5 43. Rd4 Rc6 44. Rd7 Rg6 45. Kf3 Rg4 46. Re7+ Kf6 47. Rh7 Kg6 48. Rb7 Bg1 49. a5 Re4 50. a6 Re6 51. a7 Ra6 52. Rc7 Rxa7 53. Rxc4 Ra2 54. Rc6+ Kg7 55. Rc7+ Kg6 56. Rc6+ Kf7 57. Rc7+ Ke6 58. Rh7 Bc5 59. Rxh5 Rxb2 60. g4 Rf2+ 61. Kg3 f4+ 62. Kh3 Rf3+ 63. Kh2 Rxc3 64. Rf5 Rc2+ 65. Kh1 Be3 66. h5 Rc1+ 67. Kg2 Rg1+ 0-1

[Event "75.Camp. Veneto Quarti di Finale"]
[Site "Montebelluna ITA"]
[Date "2015.05.17"]
[Round "5.8"]
[White "Negro, Raffaele"]
[Black "Sartor, Giovanni"]
[Result "1-0"]
[WhiteElo "1845"]
[BlackElo "1444"]
[Annotator "Gabriele Ballarin"]
[PlyCount "73"]
[EventDate "2015.05.15"]
[EventType "swiss"]
[EventRounds "5"]
[EventCountry "ITA"]

1. d4 Nf6 2. Bf4 e6 3. e3 c5 4. c3 d5 5. Bd3 Be7 6. Nd2 Nc6 7. Ngf3 c4 8. Bc2 b5 9. Ne5 Bb7 10. Ndf3 h6 11. Nxc6 Bxc6 12. Ne5 Rc8 13. a3 Nd7 14. Qh5 Nxe5 15. dxe5 Bg5 16. Qg4 Bxf4 17. Qxf4 Qg5 18. Qxg5 hxg5 19. O-O Ke7 20. Rfd1 Rh6 21. Rd4 Rch8 22. h3 f5 23. exf6+ gxf6 24. Rg4 Rh5 25. f4 gxf4 26. exf4 Kf8 27. Re1 Bd7 28. Rg3 e5 29. fxe5 fxe5 30. Rf1+ Ke7 31. Rg7+ Ke6 32. Rff7 Bc6 33. Rxa7 R5h6 34. Ra6 Rc8 35. Bd1 e4 36. Bg4+ Kf6 37. Rga7 1-0

[Event "75.Camp. Veneto Quarti di Finale"]
[Site "Montebelluna ITA"]
[Date "2015.05.17"]
[Round "5.9"]
[White "Rossi, Gianni"]
[Black "Artuso, Sofia"]
[Result "0-1"]
[WhiteElo "1814"]
[BlackElo "1628"]
[Annotator "Gabriele Ballarin"]
[PlyCount "96"]
[EventDate "2015.05.15"]
[EventType "swiss"]
[EventRounds "5"]
[EventCountry "ITA"]

1. d4 Nf6 2. f3 d5 3. e4 dxe4 4. Nc3 exf3 5. Nxf3 e6 6. Bg5 Be7 7. Bd3 O-O 8. O-O Nbd7 9. Qe1 h6 10. Qh4 Nd5 11. Nxd5 Bxg5 12. Nxg5 Qxg5 13. Ne7+ Kh8 14. Qe4 g6 15. Nxc8 Raxc8 16. h4 Qd5 17. Qe3 Kg7 18. c4 Qh5 19. Rf4 e5 20. Re4 Kg8 21. Be2 exd4 22. Qxd4 Qc5 23. Bg4 f5 24. Qxc5 Nxc5 25. Re5 Nd3 26. Rd5 Nf4 27. Bf3 Nxd5 28. Bxd5+ Kg7 29. Bxb7 Rb8 30. Bd5 Rxb2 31. Re1 {=} Rxa2 32. Re7+ Kh8 33. Rxc7 a5 34. c5 Rc2 35. c6 Rd8 36. Rd7 Rc8 37. Ra7 Rc5 38. Bf3 Kg8 39. Kf2 g5 40. hxg5 hxg5 41. g4 fxg4 42. Be4 Re5 43. Bh7+ Kf8 44. Kg3 Re7 45. Rxe7 Kxe7 46. Be4 Kf6 47. Kxg4 a4 48. Bd3 a3 0-1